| 000 | 00908cam a2200229 4500 | ||
|---|---|---|---|
| 001 | WB3711-16 | ||
| 008 | 000000n2001 000 0 eng u | ||
| 035 | _a(Sirsi) u111378 | ||
| 245 | _aRegions miss out on new economy | ||
| 260 | _c2001 | ||
| 490 |
_aFinancial Times _v12 March 2001, 4(1) |
||
| 520 | _aResearch by the Local Futures Group suggests an uneven growth of Britain's information economy. The group's response to government's competitiveness white paper highlights significant regional skills gaps in IT and related disciplines in areas of Wales, the East Midlands, Scotland and the north of England. | ||
| 590 | _aWB | ||
| 650 | _aCOMPETITVENESS WHITE PAPER | ||
| 650 | _aECONOMY | ||
| 650 | _aREGIONAL VARIATIONS | ||
| 650 | _aREGIONS | ||
| 650 | _aSKILLS SHORTAGES | ||
| 650 | _aMANAGEMENT-BUSINESS MANAGEMENT-INFORMATION MANAGEMENT | ||
| 690 | _aECONOMIC ISSUES | ||
| 942 | _n0 | ||
| 999 |
_c66354 _d66354 |
||